Представление документа в формате MARC21

ПолеНазваниеЗначение
  Тип записи a
  Библиографический уровень m
001 Контрольный номер RU\infra-m\znanium\bibl\2244406
005 Дата корректировки 20260429142103.2
008 Кодируемые данные 260226s2026 RU g rus u
020 Индекс ISBN __
a ISBN 978-5-7782-5445-9
040 Источник каталогиз. __
a Служба первич. каталог. Общество с ограниченной ответственностью «ЗНАНИУМ»
041 Код языка издания __
a Код языка текста rus
044 Код страны публикации __
a Код страны публикации RU
080 Индекс УДК __
a Индекс УДК 621
084 Индекс другой классификации/Индекс ББК __
2 Источник индекса rubbk
a Индекс другой классификации/Индекс ББК 3284
084 Индекс другой классификации/Индекс ББК __
2 Источник индекса okso
a Индекс другой классификации/Индекс ББК 11.03.01
100 Автор __
a Автор Меренков В.М.
q Полное имя Меренков Владимир Майевич
u Дополнение Новосибирский государственный технический университет
245 Заглавие __
a Заглавие Радиотехнические цепи и сигналы
b Продолж. заглавия Учебное пособие
c Ответственность Новосибирский государственный технический университет
250 Сведения об издании __
a Основные сведения об издании 1
260 Выходные данные __
a Место издания Новосибирск
b Издательство Новосибирский государственный технический университет (НГТУ)
c Дата издания 2025
300 Физическое описание __
a Объем 116 с.
520 Аннотация __
a Аннотация Учебное пособие состоит из восьми разделов предназначенных для подготовки к выполнению практических работ по ключевым темам дисциплины «Радиотехнические цепи и сигналы». Каждый раздел содержит теоретический материал предварительное (домашнее) задание практическое задание и контрольные вопросы для самопроверки. Работа ориентирована на студентов РЭФ НГТУ обучающихся по направлению 11.03.01 - «Радиотехника» а также для студентов всех направлений в учебных планах которых есть близкие к теории радиотехнических цепей и сигналов дисциплины.
521 Примеч. о цел. назн. __
a Примеч. о целев. назн. ВО - Бакалавриат
650 Тематические рубрики __
a Основная рубрика Радиоэлектроника. Автоматика. Связь
x Основная подрубрика Радиотехника
655 Указ. предметных рубрик (устаревшее) __
a Жанр/ форма (устаревшее) Учебное пособие
700 Другие авторы __
a Другие авторы Васюков В.Н.
q Полное имя Васюков Василий Николаевич
u Дополнение Новосибирский государственный технический университет
856 Электронный адрес документа 4_
a Имя сервера/домена znanium.ru
m Помощь ebs_support@infra-m.ru
n Местонахождение сервера НИЦ ИНФРА-М
u URL https://znanium.ru/catalog/document?id=479127
856 Электронный адрес документа 48
a Имя сервера/домена znanium.ru
d Путь /cover/2244
f Электронное имя 2244406.jpg
q Тип электронного формата image/jpeg
u URL https://znanium.ru/cover/2244/2244406.jpg
911 __
u 0030=https://znanium.ru/catalog/document?id=479127